00640nam a22001812 4500001001100000005001700011008004100028020001700069040001500086100003200101245013600133250001300269260003400282300001600316650005700332650006600389852000300455000001177620151217155847.0090107s xx 000 0 eng d a9966410201 : aKABUcKABU1 aThompson, John.@000014999610aCombining local knowledge and expert assistance in natural resource management :bsmall-scale irrigation in Kenya /cJohn Thompson. a1st ed. aNairobi :bActs Press,c1991. avii, 34 p. 0aIrrigation farmingxCase studieszKenya.@0000167780 0aNatura resorcesxManagementxCase studieszKenya.@00001677811